000
00229nam a22000857a 4500
008
160704b xxu||||| |||| 00| 0 eng d
100
_9
2018
_a
Srivastava, B.B
245
_a
Unshed Tears
260
_a
Ghaziabad
_b
Shantidevi Prakashan
_c
2002
999
_c
1718
_d
1718